Normal view
MARC view
Entry Personal Name
001 - CONTROL NUMBER
- control field: 624434
003 - CONTROL NUMBER IDENTIFIER
- control field: OSt
005 - DATE AND TIME OF LATEST TRANSACTION
- control field: 20221005112841.0
008 - FIXED-LENGTH DATA ELEMENTS
- fixed length control field: 221005|| aca||aabn | a|a d
040 ## - CATALOGING SOURCE
- Original cataloging agency: OSt
- Transcribing agency: OSt
100 ## - HEADING--PERSONAL NAME
- Personal name: ਜੱਗੀ, ਰਕਨ ਸਿੰਘl ਜੱਗੀ, ਗੁਰਰਨ ਸਿੰਘ, ਥਦ।
670 ## - SOURCE DATA FOUND
- Source citation: Work cat.: (OSt)1026181: ਜੱਗੀ, ਰਕਨ ਸਿੰਘl ਜੱਗੀ, ਗੁਰਰਨ ਸਿੰਘ, ਥਦ।, ੇਖ ਖ਼ਰੀਦ , 2009
